Statistics for Paesi de 'l Mondo

Click here to take the quiz!

General Stats

  • This quiz has been taken 113 times
    (20 since last reset)
  • The average score is 64 of 196

Answers on the Map

Answers color-coded by a green-red scale on the quiz's map according to % correct below.
 

Answer Stats

Paesi% Correct
Italia
100%
Cànada
63%
India
63%
Australia
56%
Bahama
56%
Cina
56%
Costa Rica
56%
Cuba
56%
Irlanda
56%
Nicaragua
56%
Pànama
56%
Russia
56%
Tunisìa
56%
Bolivia
50%
Butan
50%
Cile
50%
Ecuador
50%
El Salvador
50%
Estonia
50%
Etiopia
50%
França
50%
Gana
50%
Indonesia
50%
Irac
50%
Iran
50%
Islanda
50%
Làos
50%
Libia
50%
Mongolia
50%
Nepal
50%
Paraguai
50%
Perù
50%
Polonia
50%
Sri Lanca
50%
Sudan
50%
Ucraina
50%
Uruguai
50%
Vietnam
50%
Aiti
44%
Angola
44%
Armenia
44%
Belise
44%
Bulgarìa
44%
Camerun
44%
Catar
44%
Corea de 'l Nord
44%
Corea de 'l Sud
44%
Eritrea
44%
Gabon
44%
Guatemala
44%
Guinea
44%
Guinea-Bissau
44%
Ièmen
44%
Israel
44%
Letonia
44%
Lituania
44%
Madagascar
44%
Malaui
44%
Maldive
44%
Mali
44%
Malta
44%
Maroco
44%
Namibia
44%
Oman
44%
Palau
44%
Repùblega de 'l Congo
44%
Repùblega Democràdega
de 'l Congo
44%
Romanìa
44%
Ruanda
44%
Samoa
44%
San Marin
44%
Senegal
44%
Serbia
44%
Siria
44%
Slovenia
44%
Somalia
44%
Spagna
44%
Stati Federai de
Micronesia
44%
Suriname
44%
Tailandia
44%
Tuvalu
44%
Vanuatu
44%
Albanìa
38%
Àustria
38%
Benin
38%
Bosnia e
Erçegòvina
38%
Brasile
38%
Brunei
38%
Burundi
38%
Ciad
38%
Croaçia
38%
Emirai Àrabi Unii
38%
Guiana
38%
Lìbano
38%
Moldavia
38%
Papua Nova Guinea
38%
Portogalo
38%
Santa Lucia
38%
Singapor
38%
Slovachia
38%
Stati Unii d'Amèrega
38%
Sudan de 'l Sud
38%
Togo
38%
Tonga
38%
Turchìa
38%
Uganda
38%
Andora
31%
Birmania
31%
Cechia
31%
Comore
31%
Còssovo
31%
Fiji
31%
Filipine
31%
Greça
31%
Liberia
31%
Maçedonia de 'l Nord
31%
Malesia
31%
Mauritania
31%
Montenegro
31%
Nauru
31%
Nova Zelanda
31%
Ondùras
31%
Ongarìa
31%
Regno Unìo
31%
Tanzania
31%
Timor Est
31%
Arabia Saudìa
25%
Chiribati
25%
Ìsole Salomon
25%
Japon
25%
Liechtenstein
25%
Sudàfrega
25%
Antiga e Barbona
19%
Bielorussia
19%
Burchina Fasso
19%
Chenia
19%
Çipro
19%
Colonbia
19%
Filandia
19%
Granada
19%
Guinea Ecuatoriale
19%
Mauriçio
19%
Paesi Bassi
19%
San Cristòforo e Nevi
19%
Siera Leon
19%
Sveçia
19%
Alxerìa
13%
Arxentina
13%
Barèin
13%
Belxo
13%
Boçuana
13%
Canbosa
13%
Çità de 'l Vategan
13%
Costa d'Avorio
13%
Cuéit
13%
Danemarca
13%
Domìnega
13%
Esito
13%
Essuatini
13%
Ganbia
13%
Jibuti
13%
Lessoto
13%
Lussenburgo
13%
Mèssego
13%
Mònago
13%
Mozanbico
13%
Niser
13%
Niseria
13%
Norveja
13%
Repùblega Dominegana
13%
San Vincenço e i
Grenadini
13%
Trinedà e Tobago
13%
Zanbia
13%
Zeorza
13%
Zermania
13%
Zinbabue
13%
Zordania
13%
Afgania
6%
Azeria
6%
Barboni
6%
Bengala
6%
Cao Verdo
6%
Chirghisia
6%
Cosachia
6%
Formosa
6%
Ìsole Maressial
6%
Pachia
6%
Repùblega Çentrafregana
6%
San Tomaso e Prìnçipe
6%
Seiçele
6%
Svìçara
6%
Tazichia
6%
Turcomania
6%
Usbechia
6%
Veneçiola
6%
Zamàega
6%

Score Distribution

Percentile by Number Answered

Percent of People with Each Score

Your Score History

You have not taken this quiz since the last reset